000 00821nam a2200205 i 4500
001 bg
100 1 _aMARCINKOWSKI, Jerzy
245 0 _aPodstawy określania charakterystyk sprężyn powietrznych /
_cJerzy Marcinkowski.
260 _aWrocław :
_bWydaw. PW,
_c1992.
300 _a103 s. :
_brys. wykr. ;
_c24 cm.
490 1 _aPrace Naukowe Instytutu Konstrukcji i Eksploatacji Maszyn Politechniki Wrocławskiej. Monografie,
_v19
500 _aSer. gł. : 0324-962X ; 68.
710 _aPOLITECHNIKA WROCŁAWSKA (Wrocław). Instytut Konstrukcji i Eksploatacji Maszyn
830 0 _aPrace Naukowe Instytutu Konstrukcji i Eksploatacji Maszyn Politechniki Wrocławskiej.
_pMonografie ;
_v19
040 _cBPK
041 _apol
080 _a621.51/.54:629.11
942 _cKS
008 s pl f |000 0 pol
999 _c30074
_d30074
856 _uhttp://koha.tu.koszalin.pl/cgi-bin/koha/opac-detail.pl?biblionumber=30074
_yKatalog online BPK